000 00912cab a2200289 4500
001 WB2935-16
008 090401t1993 xxu||||| |||| 00| 0 eng d
035 _a(Sirsi) u31186
041 _aeng
245 _aTurning debt into securities
260 _c1993
350 _a0
490 _aFinancial Times
_v24 September 1993, 13(1)
520 _aSecuritisation could ease the property debt in the UK but many of the vehicles, such as SAPCOs, APUTs or PINCs are viewed as too complex.
650 _aAPUTS
650 _aAUTHORISED PROPERTY UNIT TRUSTS
650 _aPROPERTY-COMMERCIAL PROPERTY
650 _aPINCS
650 _aPROPERTY INCOME CERTIFICATES
650 _aSAPCOS
650 _aSECURITISATION
650 _aSINGLE ASSET PROPERTY COMPANIES
650 _aSINGLE PROPERTY OWNERSHIP TRUSTS
690 _aPROPERTY-PROPERTY FINANCE AND INVESTMENT
942 _n0
948 _c04/03/1997
999 _c20949
_d20949